Reverzné inžinierstvo vo výrobnom procese

Saved in:
Bibliographic Details
Main Author: Plesnivý, Ľubomír (Author)
Other Authors: Matúšová, Miriam (Thesis advisor)
Format: Manuscript Book
Language:Slovak
Published: 2017
Subjects:
Online Access:http://is.stuba.sk/zp/portal_zp.pl?podrobnosti=129165
Tags: Add Tag
No Tags, Be the first to tag this record!

MARC

LEADER 00000ntm a22000003a 4500
001 stuzp56125
003 SK-STU
005 20170701210302.8
007 ta
008 150427s2015----xo-----f-mn---000-0-slo-d
040 |a STU  |b slo 
041 0 |a slo 
100 1 |a Plesnivý, Ľubomír  |u 063000  |4 aut  |U MTF Materiálovotechnologická fakulta  |T MTF Ústav výrobných technológií  |X 9870  |U M3000  |Y 83  |7 9870 
242 0 1 |a Reverse engineering in the production process  |y eng 
245 1 0 |a Reverzné inžinierstvo vo výrobnom procese 
260 |c 2017 
650 4 |a skenovanie  |2 slo 
650 4 |a reverzné inžinierstvo,  |2 slo 
650 4 |a 3D skener  |2 slo 
650 4 |a výrobný proces  |2 slo 
650 4 |a reverse engeneering  |2 eng 
650 4 |a 3D scanners  |2 eng 
650 4 |a scanning  |2 eng 
650 4 |a productions process  |2 eng 
700 1 |a Matúšová, Miriam  |u 063800  |k Z1  |4 ths  |U MTF Ústav výrobných technológií  |T MTF Katedra výrobných systémov, metrológie a montáže  |X 4309  |U M3800  |Y 660  |7 A000004309 
856 4 |u http://is.stuba.sk/zp/portal_zp.pl?podrobnosti=129165 
996 |c M* BP-8124  |l MMSKP  |s P  |a 0  |w stuzp56125_0001